Cahaya dan bunyi
| Main Author: | |
|---|---|
| Other Authors: | |
| Format: | Book |
| Published: |
Shah Alam :
Times Subang ,
2000
|
| Series: | Tinjau dan Selidik Sains
|
| Subjects: |
MARC
| LEADER | 00000cam a2200000 7i4500 | ||
|---|---|---|---|
| 001 | 0000048926 | ||
| 005 | 20091009.0 | ||
| 090 | 0 | 0 | |a 500 |b LAF |
| 100 | 1 | |a Lafferty, Peter | |
| 245 | 1 | 0 | |a Cahaya dan bunyi |c Peter Lafferty |
| 260 | |a Shah Alam : |b Times Subang , |c 2000 | ||
| 300 | |a 64p. : |b ill. ; |c 26cm. | ||
| 490 | 0 | |a Tinjau dan Selidik Sains | |
| 650 | 0 | 0 | |a Light |x Miscellaneas |
| 650 | 0 | 0 | |a Sound |x Miscellanea |
| 700 | 1 | |a Evans,Ted , |e illustrasi | |
| 999 | |a 00102387 |b BUKU |c JUNIOR REFERENCE |e PERPUSTAKAAN KOMUNITI PETALING JAYA | ||